Szegedi szocialisták a háború ellen

Elmentve itt :
Bibliográfiai részletek
Dokumentumtípus: Cikk
Megjelent: 1912-11-19
Sorozat:Délmagyarország 3 No. 83
Kulcsszavak:Balkán-háború 1. 1912, Béketüntetés szociáldemokrata párt Szeged
Online Access:http://dmarchiv.bibl.u-szeged.hu/42480
LEADER 00464nab a2200145 i 4500
001 delm42480
005 20180928090408.0
008 180927s1912 hu o 0|| hun d
040 |a SZTE Délmagyarország Archívum  |b hun 
041 |a hun 
245 0 0 |a Szegedi szocialisták a háború ellen  |h [elektronikus dokumentum] 
260 |c 1912-11-19 
300 |a 8 
490 0 |a Délmagyarország  |v 3 No. 83 
695 |a Balkán-háború 1. 1912, Béketüntetés szociáldemokrata párt Szeged